000 00380nam a2200145Ia 4500
005 20251222144708.0
008 251222s9999||||xx |||||||||||||| ||spa||
020 _a8486734754
082 _a616.399.7/G63
100 _aGómez Gerique, Juan A.
245 0 _aManual de las Clínicas de Lípidos Españolas
250 _a1ra. ed.
264 _bJarpyo Editores, S.A.
942 _cLIB
999 _c17711
_d17711